| 000 | 00737nam a2200181 a 4500 | ||
|---|---|---|---|
| 003 | 0 | ||
| 005 | 20250623103718.0 | ||
| 008 | 021119s19uu xx 00 eng d | ||
| 050 |
_aPHS LC 311 _b.On53 1999 |
||
| 100 | _aOna, Diorella Emmanuelle S. | ||
| 245 |
_aThe Effects of the discipline policy of a school within Metro Manila on the study habits of its students / _cDiorella Emmanuelle S. Ona. |
||
| 260 |
_aLas PiƱas City, Philippines : _bSouthville International School and Colleges, _c1999. |
||
| 300 |
_a29 pages : _billustrations ; _c28 cm. |
||
| 504 | _aIncludes bibliographical references. | ||
| 650 |
_aSchool discipline _zPhilippines _zMetro Manila. |
||
| 650 |
_aStudy skills _zPhilippines _zMetro Manila. |
||
| 942 |
_2lcc _cPASS |
||
| 999 |
_c96273 _d96273 |
||